000 00233nam a2200097 a 4500
008 111125s2008|||| d
245 1 0 _aUstrzyki dolne
260 _bUrzad Miejski
_aUstrzyski Dolnie
_c2008
020 _c150
044 _aSk
999 _c19887
_d19887